000
00336nam a2200145Ia 4500
008
150201s2009 xx 000 0 und d
082
_a
612
_b
P06J
100
_a
JAIN,AK
245
_a
TB OF PHYSIOLOGY-2
250
_a
4TH
260
_b
AVICHAL,DELHI
_a
DELHI
_c
2009
300
_a
1-1154
650
_a
HUMAN PHYSIOLOGY
942
_2
ddc
_c
BK
_0
28
999
_c
544
_d
544